000 00522nam a2200193Ia 4500
005 20250508154455.0
008 008 250505s9999 xx 000 0 hin d
037 _aReference
040 _aFEDL
_beng
_cFEDL
041 _ahin
_2hin
084 _a370.954, RAW
_qFEDL
100 _aRawat Pyareylal
_9765511
245 0 _aBhartiya shiksha ka itihas
250 _a7th
260 _aAgra, India
_bRam Prasad and Sons
_c1963
300 _a590p.
942 _cREF
_h370.954, RAW
999 _c1350467
_d1350467